000 00636nam a22002057a 4500
999 _c15361
_d15361
003 AR-CdUCM
008 190426b ||||| |||| 00| 0 spa d
020 _a9972-876-31-4
040 _aMUNICIPALIDAD PROVINCIAL DEL CUSCO
_cBIBLIOTECA MUNICIPAL DEL CUSCO
082 _aPI / 809.1 /
_bB39
245 _aLa bella durmiente /
260 _aPerú :
_bNavarrete.
300 _a10 páginas ;
_bilustraciones,
_c30 cm.
650 _aCuentos infantiles
_93927
650 _aLiteratura infantil
_9588
650 _aAprendizaje
_92143
710 _aCorporación Gráfica Navarrete.
_933296
942 _2ddc
_cLIBROS
945 _aachl
_d2019-04-26